Pierre-Louis-Nicolas DELAHAYE. Le Journal d’un maître d’école d’Île-de-France, 2e période 1792-1803, Silly-en-Multien, de la Convention au Consulat. Presented and annotated by Jacques BERNET, with a foreword by Côme SIMIEN, Villeneuve d’Ascq, Presses Universitaires du Septentrion, 2025, 386 p., ISBN 978-2-7574-4365-1, €26. (notice n° 1614360)
[ vue normale ]
| 000 -LEADER | |
|---|---|
| fixed length control field | 01561cam a2200157 4500500 |
| 005 - DATE AND TIME OF LATEST TRANSACTION | |
| control field | 20260111060838.0 |
| 041 ## - LANGUAGE CODE | |
| Language code of text/sound track or separate title | fre |
| 042 ## - AUTHENTICATION CODE | |
| Authentication code | dc |
| 100 10 - MAIN ENTRY--PERSONAL NAME | |
| Personal name | Biard, Michel |
| Relator term | author |
| 245 00 - TITLE STATEMENT | |
| Title | Pierre-Louis-Nicolas DELAHAYE. Le Journal d’un maître d’école d’Île-de-France, 2e période 1792-1803, Silly-en-Multien, de la Convention au Consulat. Presented and annotated by Jacques BERNET, with a foreword by Côme SIMIEN, Villeneuve d’Ascq, Presses Universitaires du Septentrion, 2025, 386 p., ISBN 978-2-7574-4365-1, €26. |
| 260 ## - PUBLICATION, DISTRIBUTION, ETC. | |
| Date of publication, distribution, etc. | 2025.<br/> |
| 500 ## - GENERAL NOTE | |
| General note | 43 |
| 520 ## - SUMMARY, ETC. | |
| Summary, etc. | This article examines unpublished correspondence of Talleyrand recently discovered in the National Archives. Written between 1786-1787, these letters cover a mission undertaken on behalf of Calonne in London by the Duke of Lauzun sent to observe the reactions in English public opinion at the time of the Franco-British commercial agreement. This correspondence also deals with the Diamond Necklace Affair, and Talleyrand’s role with Calonne during the Assembly of Notables. By the sheer variety of subjects contained in this correspondence, it constitutes a fascinating instance of parallel diplomacy at the end of the Old Regime, all the while revealing a new episode in the political apprenticeship of Talleyrand. |
| 786 0# - DATA SOURCE ENTRY | |
| Note | Annales historiques de la Révolution française | 422 | 4 | 2025-12-09 | p. 277-280 | 0003-4436 |
| 856 41 - ELECTRONIC LOCATION AND ACCESS | |
| Uniform Resource Identifier | <a href="https://shs.cairn.info/journal-annales-historiques-de-la-revolution-francaise-2025-4-page-277?lang=en&redirect-ssocas=7080">https://shs.cairn.info/journal-annales-historiques-de-la-revolution-francaise-2025-4-page-277?lang=en&redirect-ssocas=7080</a> |
Pas d'exemplaire disponible.




Réseaux sociaux